| 000 | 00000nam##2200000za#4500 |
| 001 | 9.535607 |
| 003 | CaOODSP |
| 005 | 20200327081239 |
| 007 | ta |
| 008 | 150406|2001||||xxc||||| f|0| 0 fre|d |
| 020 | |a0-660-61723-4 |
| 040 | |aCaOODSP|bfre |
| 041 | |aeng |
| 041 | |afre |
| 043 | |an-cn--- |
| 086 | 1 |aBT31-4/68-2001 |
| 110 | 1 |aCanada. |bConseil du trésor. |
| 245 | 10|aTravaux publics et Services gouvernementaux Canada |
| 260 | |aOttawa - Ontario : |bSecrétariat du Conseil du Trésor du Canada |c2001. |
| 300 | |aTexte français, 88p. : |bgraphiques, tableaux ; |c28 cm. |
| 490 | 1 |aRapport sur le rendement pour la période se terminant le 31 mars 2001 |
| 546 | |aBilingue |
| 563 | |aCouverture souple |
| 590 | |a01-46|b2001-11-16 |
| 691 | 07|aPrévisions budgétaires|2gcpds |
| 691 | 07|aMinistère du gouvernement fédéral|2gcpds |
| 691 | 07|aTravaux publics|2gcpds |
| 691 | 07|aServices gouvernementaux|2gcpds |
| 776 | 0#|tPublic Works and Government Services Canada, performance report for the period ending March 31, 2001 |w(CaOODSP)9.569269 |
| 776 | 0#|tTravaux publics et Services gouvernementaux Canada, rapport sur le rendement pour la période se terminant le 31 mars 2001 |w(CaOODSP)9.600496 |
| 791 | |tPublic Works and Government Services Canada |eeng|w(CaOODSP)9.535606 |
| 830 | #0|aRapport sur le rendement pour la période se terminant le 31 mars 2001.|w(CaOODSP)9.508981 |